000
00246nam a2200085Ia 4500
245
0
_a
Mr. Popper's penguins
100
_a
Atwater, Richard New York, [2009] 1st rev pbk ed
_9
83715
942
_c
BK
008
210817s9999 xx 000 0 und d
999
_c
305747
_d
305746